000 00664nam a22002297a 4500
003 DO-SdBNP
005 20180216132141.0
008 161031b 2006 xxu a 1 00| 0 spa d
020 _a0765277395
040 _aBPMSU
_bspa
_cBPMSU
082 _axxxx
_bL269c
100 1 _aLang, Thomas
245 1 0 _aCruzando fronteras :
_brelatos de inmigrantes /
_cThomas Lang
260 _aEstados Unidos :
_bCelebration Press,
_bPearson Learning Group ,
_c2006.
300 _a24 p. :
_bil. ;
_c25 cm.
490 1 _aiOpeners
500 _aIncluye glosario
830 0 _aiOpeners
942 _2ddc
_cBK
945 _aInventariado, 2018/ YL
956 _aYLOCKWARD
_b10
_cBPMSU
999 _c12657
_d12657